Formula One Quiz #1 - Statistics

General Stats
  • This quiz has been taken 54 times
  • The average score is 7 of 11
Answer Stats
Question Answer % Correct
This driver has the distinction of winning the most races in a single year of Formula 1 Grand Prix. C) Max Verstappen
87%
Tifosi, a very popular term in Formula 1 racing, is associated with D. Scuderria Ferrari
87%
Max Verstappen wanted to use #3 as his car number but was grabbed already by this F1 Driver. A. Daniel Ricciardo
83%
A race driver getting 5th position in a Formula 1 Grand Prix will receive ? points A. 10
77%
Michael Schumacher holds the unique record for finishing every race of a season on a podium in year C) 2002
73%
Last time, Ferrari Driver won a World Championship was way too long back, the year was D) 2007
73%
This Grand Prix of USA set a new F1 record in 2022 with a three-day attendance of around 440,000 fans A. Austin
70%
Which race numbers cannot be used in F1? 17
67%
What so the time duration(minutes) of third session of qualifying race (Q3) in Formula 1 A) 12
60%
This driver has the distinction of having the second most podium finish under his belt. D) Michael Schumacher
50%
The first Formula One race was held in the year 1946
0%
No matching quizzes found
Score Distribution
Percent of People with Each Score
Percentile by Number Answered
Your Score History
You have not taken this quiz